000 00226nam a2200097Ia 4500
008 220204s9999 xx 000 0 und d
082 _a159.9
_bPEA
100 _aPeale, Norman Vincent
245 0 _aNew art of living
942 _cBK
999 _c33484
_d33484